Derechos culturales:una categoría descuidada de derechos humanos /

Gorde:
Xehetasun bibliografikoak
Egile nagusia: Symonides, Janusz
Formatua: Texto
Gaiak:
Etiketak: Etiketa erantsi
Etiketarik gabe, Izan zaitez lehena erregistro honi etiketa jartzen!

MARC

LEADER 00000 a a2200000 04500
001 41214
003
040 |a CRAI/IIS  |c CRAI/IIS 
100 |a Symonides, Janusz  
245 |a Derechos culturales:una categoría descuidada de derechos humanos /  |c Janusz Symonides  
650 |a DERECHOS HUMANOS  
650 |a CULTURA  
773 |g volumen12, número7 (enero-mayo , 2006), páginas 25-39  
999 |c 20207  |d 20207